| 000 | 00530nam a2200181 i 4500 | ||
|---|---|---|---|
| 001 | 78474 | ||
| 003 | ES-MaACL | ||
| 005 | 20240228162800.0 | ||
| 007 | t| | ||
| 008 | 041014s1976 sp ||||1| spa d | ||
| 245 | 0 | 0 |
_aCuba _b: ¿dictadura o democracia? / _cbajo la coordinación de Marta Harnecker. |
| 250 | _a[3ª ed.]. | ||
| 260 |
_a[Madrid] : _bSiglo Veintiuno, _c[1976] |
||
| 300 |
_a251 p. ; _c18 cm. |
||
| 700 | 0 |
_aHarnecker, Marta, _d1937-2019 _961867 |
|
| 852 |
_aES-MaACL _jA-5798 _bR.94704 |
||
| 999 |
_c78474 _d78474 |
||